| 000 | 00222nam a22000977a 4500 | ||
|---|---|---|---|
| 999 |
_c23253 _d23253 |
||
| 003 | NUST | ||
| 005 | 20171011124023.0 | ||
| 008 | 171011b xxu||||| |||| 00| 0 eng d | ||
| 024 | _cAvailable | ||
| 040 |
_aDLC _bDLC _cRCMS |
||
| 082 | _a621.382STA | ||
| 100 |
_a Stalling, William _95342 |
||
| 245 |
_aWireless Communications and Netwoks _b Stalling, William |
||
| 260 |
_aINDIA _bPEARSON _cC,2002 |
||
| 300 |
_axii,584,p: _bPb. _c22,cm. |
||
| 538 | _iShelf No 2 Row No 1 | ||
| 610 |
_xWireless Communication And Network ,Electronic _95343 |
||
| 856 | _3Table of Content Only | ||
| 942 |
_cBK _2ddc |
||